000 00617nam a2200241Ia 4500
003 OSt
005 20221006142433.0
006 a|||||r|||| 00| 0
007 ta
008 221006b |||||||| |||| 00| 0 eng d
024 _a6,365
037 _bGift,
_cTextual
040 _aEASL
_cEASL
_beng
041 _2eng
_aeng
082 _aY.4.N5, J8
100 _aGINSBURG Norton Ed.
245 0 _aPatern of Asia
260 _aNew Jersey
_bPrentice Hall
_c1958
300 _a929p.
_ccm.
490 _v Oth
942 _hY.4.N5, J8
_cTEXL
_2CC
999 _c1074451
_d1074451